Indian rubber industry in the post covid-19 scenario: R&D strategies for self-reliance (Record no. 51302)

MARC details
000 -LEADER
fixed length control field 00425nam a2200133Ia 4500
100 ## - MAIN ENTRY--AUTHOR NAME
Personal name Jacob J
245 #0 - TITLE STATEMENT
Title Indian rubber industry in the post covid-19 scenario: R&D strategies for self-reliance
260 ## - PUBLICATION, DISTRIBUTION, ETC. (IMPRINT)
Name of publisher Webinar, 20th May 2020, Rubber Research Institute of India, Kottayam, India
650 ## - SUBJECT ADDED ENTRY--TOPICAL TERM
Topical Term Covid-19
650 ## - SUBJECT ADDED ENTRY--TOPICAL TERM
Topical Term India
650 ## - SUBJECT ADDED ENTRY--TOPICAL TERM
Topical Term Rubber industry
942 ## - ADDED ENTRY ELEMENTS (KOHA)
Koha item type Bibliography STAF
Holdings
Withdrawn status Lost status Damaged status Not for loan Home library Current library Shelving location Date acquired Koha item type
      Bibliography RRII Library RRII Library Rubber general 09/04/2014 Bibliography STAF